000
00313nam a2200109 a 4500
005
20201002033813.0
008
130729s1933 000 spa d
100
_a
Salvador, Humberto
_9
66117
245
0
_a
Esquema sexual.
260
_a
Buenos Aires, Argentina -- edit. claridad,
_c
1933 -- 256 pag.
999
_c
39400
_d
39400
040
_a
DO-SdBNP